Central Library OPAC University of Rajshahi

Readings in modern political analysis / (Record no. 48915)

MARC details
000 -LEADER
fixed length control field 00665nam a22002177a 4500
001 - CONTROL NUMBER
control field 48915
003 - CONTROL NUMBER IDENTIFIER
rucl marc code BD-RjUL
005 - DATE AND TIME OF LATEST TRANSACTION
control field 20211209054615.0
008 - FIXED-LENGTH DATA ELEMENTS--GENERAL INFORMATION
fixed length control field 160817s1968 us a|||| |||| 00| 0 eng d
035 ## - SYSTEM CONTROL NUMBER
System control number (BD-RjUL)49034
040 ## - CATALOGING SOURCE
Original cataloging agency BD-RjUL
Language of cataloging eng
Transcribing agency BD-RjUL
Modifying agency BD-RjUL
041 ## - LANGUAGE CODE
Language code of text/sound track or separate title eng
082 ## - DEWEY DECIMAL CLASSIFICATION NUMBER
Edition number 23
Classification number 320
Author mark and year REA 1968
245 ## - TITLE STATEMENT
Title Readings in modern political analysis /
Statement of responsibility, etc. Robert A. Dahl ; Deane E. Neubauer
260 ## - PUBLICATION, DISTRIBUTION, ETC. (IMPRINT)
Place of publication, distribution, etc. New Jersey :
Name of publisher, distributor, etc. Prentice Hall, Inc.
Date of publication, distribution, etc. 1968,
300 ## - PHYSICAL DESCRIPTION
Pagination xi, 424 p. ;
Size 24 cm.
490 ## - SERIES STATEMENT
Series statement Foundation of modern political science series
650 ## - SUBJECT ADDED ENTRY--TOPICAL TERM
Topical term or geographic name as entry element Political science
9 (RLIN) 147348
700 ## - ADDED ENTRY--PERSONAL NAME
Personal name Neubauer, Deane E.
942 ## - ADDED ENTRY ELEMENTS (KOHA)
Source of classification or shelving scheme Dewey Decimal Classification
Koha item type Books
Holdings
Lost status Source of classification or shelving scheme Damaged status Not for loan Collection code Permanent Location Current Location Shelving location Date acquired Source of acquisition Cost, normal purchase price Total Checkouts Full call number Date last seen Copy number Koha item type
  Dewey Decimal Classification     Non-fiction Central Library, University of Rajshahi Central Library, University of Rajshahi   22/06/1970 Zeithinger 40.00   320 REA 1968 17/08/2016 C-2 Books
  Dewey Decimal Classification   Not For Loan Non-fiction Central Library, University of Rajshahi Central Library, University of Rajshahi Reading Room 22/06/1970 Zeitlinger 40.00   320 REA 1968 12/12/2016 C-1 Books